Welcome to CU Library Online Public Access Catalogue (OPAC)

Narrative wisdom and African arts / (Record no. 4939)

MARC details
000 -LEADER
fixed length control field 01574cam a2200361 i 4500
001 - CONTROL NUMBER
control field 23728324
005 - DATE AND TIME OF LATEST TRANSACTION
control field 20250319111552.0
008 - FIXED-LENGTH DATA ELEMENTS--GENERAL INFORMATION
fixed length control field 240611s2024 mouab bc 001 0 eng
020 ## - INTERNATIONAL STANDARD BOOK NUMBER
International Standard Book Number 9783777443737
Qualifying information (hardcover)
050 00 - LIBRARY OF CONGRESS CALL NUMBER
Classification number N7391.65
Item number .N37 2024
082 04 - DEWEY DECIMAL CLASSIFICATION NUMBER
Classification number 709.67
Edition information 23/eng/20240611
245 00 - TITLE STATEMENT
Title Narrative wisdom and African arts /
Statement of responsibility, etc. edited by Nichole N. Bridges.
300 ## - PHYSICAL DESCRIPTION
Extent 240 pages :
Other physical details illustrations, map ;
Dimensions 29 cm
500 ## - GENERAL NOTE
General note "This book is published in conjunction with the exhibition Narrative Wisdom and African Arts presented at the Saint Louis Art Museum from October 19, 2024-January 5, 2025"--Colophon.
650 #0 - SUBJECT ADDED ENTRY--TOPICAL TERM
Topical term or geographic name entry element Art, African
Form subdivision Exhibitions.
650 #0 - SUBJECT ADDED ENTRY--TOPICAL TERM
Topical term or geographic name entry element Narrative art
Geographic subdivision Africa, Sub-Saharan
Form subdivision Exhibitions.
650 #0 - SUBJECT ADDED ENTRY--TOPICAL TERM
Topical term or geographic name entry element Communication in art
Geographic subdivision Africa, Sub-Saharan
Form subdivision Exhibitions.
650 #0 - SUBJECT ADDED ENTRY--TOPICAL TERM
Topical term or geographic name entry element Art and society
Geographic subdivision Africa, Sub-Saharan
Form subdivision Exhibitions.
650 #7 - SUBJECT ADDED ENTRY--TOPICAL TERM
Topical term or geographic name entry element ART / African
Source of heading or term bisacsh
650 #7 - SUBJECT ADDED ENTRY--TOPICAL TERM
Topical term or geographic name entry element ART / Collections, Catalogs, Exhibitions / General
Source of heading or term bisacsh
700 1# - ADDED ENTRY--PERSONAL NAME
Personal name Beaujean-Baltzer, Gaëlle,
Relator term contributor.
700 1# - ADDED ENTRY--PERSONAL NAME
Personal name Bridges, Nichole N.,
Relator term editor,
-- contributor.
700 1# - ADDED ENTRY--PERSONAL NAME
Personal name Curnow, Kathy,
Relator term contributor.
700 1# - ADDED ENTRY--PERSONAL NAME
Personal name Grootaers, Jan-Lodewijk,
Relator term contributor.
700 1# - ADDED ENTRY--PERSONAL NAME
Personal name Maniacky, Jacky,
Relator term contributor.
700 1# - ADDED ENTRY--PERSONAL NAME
Personal name Nzewi, Ugochukwu-Smooth C.,
Relator term contributor.
700 1# - ADDED ENTRY--PERSONAL NAME
Personal name Ola, Yomi,
Relator term contributor.
700 1# - ADDED ENTRY--PERSONAL NAME
Personal name Quarcoopome, Nii O.,
Relator term contributor.
700 1# - ADDED ENTRY--PERSONAL NAME
Personal name Schaeffer, Elyse Dianne,
Relator term contributor.
700 1# - ADDED ENTRY--PERSONAL NAME
Personal name Sukop, Sylvia,
Relator term contributor.
710 2# - ADDED ENTRY--CORPORATE NAME
Corporate name or jurisdiction name as entry element St. Louis Art Museum,
Relator term host institution.
942 ## - ADDED ENTRY ELEMENTS (KOHA)
Source of classification or shelving scheme Library of Congress Classification
Koha item type Books
Suppress in OPAC No
999 ## -
-- 4939
-- 4939
Holdings
Withdrawn status Lost status Source of classification or shelving scheme Damaged status Not for loan Collection Home library Current library Shelving location Date acquired Total checkouts Full call number Barcode Date last seen Copy number Price effective from Koha item type
    Library of Congress Classification     Non-fiction Graduate Library (Christ Temple) Graduate Library (Christ Temple) General stacks 03/19/2025   HA 29 HEA GSCT00000677 03/19/2025 1 03/19/2025 Books
    Library of Congress Classification     Non-fiction Graduate Library (Christ Temple) Graduate Library (Christ Temple) General stacks 03/19/2025   HA 29 HEA GSCT00000678 03/19/2025 2 03/19/2025 Books
© 2023-2024 Copyright: Central University Libraries. All Rights Reserved | Created by: Mahone Tech Office